000 00445nam a2200169 i 4500
001 bg
100 1 _aSIEMIENIAKO, Franciszek.
245 0 _aTeoria maszyn i mechanizmów z zadaniami /
_cFranciszek Siemieniako.
260 _aBiałystok,
_c1980.
650 9 _aMaszyny
_xteoria
655 _aPodręczniki akademickie
040 _cBPK
041 _apol
080 _a621.01(075.8)
942 _cKS
008 s pl f |000 0 pol
999 _c19634
_d19634
856 _uhttp://koha.tu.koszalin.pl/cgi-bin/koha/opac-detail.pl?biblionumber=19634
_yKatalog online BPK